00000000nam 2200000za 4500
0019.854398
003CaOODSP
00520250819153650
007cr |||||||||||
008180327s2018    oncdo   ob   f000 0 eng d
020 |a978-0-660-26012-9
040 |aCaOODSP|beng
043 |an-cn---
0861 |aHP35-104/2018E-PDF
24500|aParkinsonism in Canada, including Parkinson's disease |h[electronic resource] : |bhighlights from the Canadian chronic disease surveillance system.
24610|aHighlights from the Canadian chronic disease surveillance system
260 |a[Ottawa?] : |bPublic Health Agency of Canada, |cc2018.
300 |a5 p. : |bgraphs, photographs
500 |aTitle from caption.
500 |aIssued also in French under title: Le Parkinsonisme au Canada, y compris la maladie de Parkinson : faits saillants du système Canadien de surveillance des maladies chroniques.
504 |aIncludes bibliographical references.
520 |a"Parkinsonism, including Parkinson’s disease, can have significant impacts for those affected, their caregivers, and society. With a growing and aging population, it is estimated that the number of Canadians living with parkinsonism will double between 2011 and 2031 and that the incidence will increase by 50%"--p. [1].
69207|2gccst|aChronic diseases
69207|2gccst|aHealth promotion
69207|2gccst|aCaregivers
7102 |aPublic Health Agency of Canada.
77508|tLe Parkinsonisme au Canada, y compris la maladie de Parkinson |w(CaOODSP)9.854399
794 |tParkinsonism in Canada, including Parkinson Disease.|b2025|w(CaOODSP)9.949696
85640|qPDF|s705 KB|uhttps://publications.gc.ca/collections/collection_2018/aspc-phac/HP35-104-2018-eng.pdf
986 |aPub.: 170469